The emigrants

Sparad:
Bibliografiska uppgifter
Huvudupphovsman: Moberg, Vilhelm
Materialtyp: Bok
Språk:Undetermined
Publicerad: New York Penguin books 1951
Taggar: Lägg till en tagg
Inga taggar, Lägg till första taggen!
Thư viện lưu trữ: Trung tâm Học liệu Trường Đại học Cần Thơ
LEADER 00474nam a2200169Ia 4500
001 CTU_77859
008 210402s9999 xx 000 0 und d
082 |a 839.73 
082 |b M687 
100 |a Moberg, Vilhelm 
245 4 |a The emigrants 
245 0 |c Vilhelm Moberg ; Translated from the Swedish by Gustaf Lannestock 
260 |a New York 
260 |b Penguin books 
260 |c 1951 
904 |i Vương 
980 |a Trung tâm Học liệu Trường Đại học Cần Thơ